000 00263nam a2200109Ia 4500
008 231107s1990 xx 000 0 und d
041 _aeng
082 _a720.284
100 _aWalker,Theodore
245 _aPlan Graphics
260 _aCanada
_bDelmar Publisher
_c1990
999 _c920798
_d920798